000 01428naa a2200205 i 4500
001 9397
003 KOSZ 005
005 20180509083917.0
008 140512s1996 pl f |000 0 pol
040 _cBPK
_dKOSZ 005/EG
100 1 _aCZYŻNIEWSKI, Andrzej.
_d1996 - .
_bPolitechnika Koszalińska - Wydział Mechaniczny,
_cKatedra Inżynierii Materiałowej
245 1 0 _aWarstwy azotku węgla otrzymywane metodami rozpylania magnetronowego i katodowego odparowania łukowego /
_cA. Czyżniewski, P. Myśliński, M. Pancielejko, W. Precht, W. Walkowiak.
655 0 _aMateriały konferencyjne.
700 1 _aMYŚLIŃSKI, Piotr.
_d1996 - .
_bPolitechnika Koszalińska - Instytut Mechatroniki, Nanotechnologii i Techniki Próżniowej,
_cZakład Projektowania Materiałów i Procesów
700 1 _aPANCIELEJKO, Mieczysław.
_d1996 - .
_bPolitechnika Koszalińska - Wydział Mechaniczny,
_cKatedra Inżynierii Materiałowej
700 1 _aPRECHT, Witold.
_d1996 - 2003.
_bPolitechnika Koszalińska - Wydział Mechaniczny,
_cKatedra Inżynierii Materiałowej
700 1 _aWALKOWIAK, Wiesław.
_d1996 - .
_bPolitechnika Koszalińska - Wydział Mechaniczny,
_cKatedra Inżynierii Materiałowej
773 0 _iW :
_tMateriały III Ogólnopolskiej Konferencji Naukowej "Obróbka Powierzchniowa", Częstochowa-Kule. -
_dCzęstochowa : Wydaw. Uczelniane Politechniki Częstochowskiej, 1996. -
_gs. 406-413
942 _cROZ
_2UKD
999 _c9397
_d9397